00737 2200253 4500001002100000005001500021035002000036007000300056008004100059020001700100100002700117245003800144300004600182264008300228336002100311337003000332338002300362040002200385082001400407084001600421650001400437850001200451990002000463INLIS00000000088272720231024094535 a0010-1023000509ta231024s2006 xx a f 0 eng d a979-99888-7X1 aTitus, AmolePengarang10aDarkness at bamiyan /cAmol Titus a132 halaman :bilustrasi, gambar ;c22 cm31atempat terbit tidak teridentifikasi :bpenerbit tidak teridentifikasi,c[2006] 2rdacontentateks 2rdamediaatanpa perantara 2rdacarrieravolume aYOPDYOGbinderda04223a294.3 a294.3 TIT d 4aBuddhisme aYOPDYOG a71617-PD/A.2023